000 09151cam a2201777 4500
999 _c54573
001 8345186
003 LIBRIS
005 20201117133211.0
008 020113s1996 sw |||||||||||000 f|swe|
020 _a9100562939
_qINB.
_c320:00
035 _a(Bo)239362
035 _a(Mo)b1346382
040 _aNB
041 _aswe
082 0 4 _a839.73
_222 (machine generated)
084 _aHc.01
_2kssb/6
084 _aHc.01
_2kssb/6
084 _aHc.01
_2kssb/8
084 _aHc
_2kssb
100 1 _aTunström, Göran,
_d1937-2000
_4aut
_0https://libris.kb.se/1zcfgzsk2jjhjbw#it
245 1 0 _aSkimmer :
_broman /
_cGöran Tunström.
264 1 _aStockholm :
_bBonnier,
_c1996
264 3 _aSmedjebacken :
_bSmedjebackens grafiska
300 _a242 s.
_c23 cm
500 _aÄven tillg. med tryckår: 71/78. tus., 1996 ; 79/87. tus., 1999
500 _aOriginaluppl. 1996
500 _5Bo
_aAnnan upplaga kan finnas vid biblioteket
500 _5Mo
_aOriginalupplaga
500 _5Mo
_aSAMB 960-12
500 _5Mo
_asvenska
500 _5Um
_aSkönlitteratur. Annan uppl. kan finnas vid biblioteket
600 1 4 _aTunström, Göran
653 _aSkönlitteratur
653 _aSkönlitteratur
653 _aIsland
655 4 _5Mo
_aBok
887 _a{"@id":"j1tqtx8v0cwk547","modified":"2019-06-12T17:10:34.944+02:00","checksum":"140192077956"}
_2librisxl
887 _a{"@id":"x28x1pz336ntz3v","modified":"2014-08-25T12:13:49+02:00","checksum":"52381669405"}
_2librisxl
887 _a{"@id":"mrzl03ks5tnhmt7","modified":"2014-04-01T10:29:30+02:00","checksum":"41905831687"}
_2librisxl
887 _a{"@id":"049zkxn536jz4gr","modified":"2018-06-05T18:34:43.713+02:00","checksum":"56800736652"}
_2librisxl
887 _a{"@id":"v05vf7j13np470r","modified":"2002-07-04T18:19:37+02:00","checksum":"32712097153"}
_2librisxl
887 _a{"@id":"qv1p9ncw2v4jq62","modified":"2004-12-03T15:10:19+01:00","checksum":"53311922202"}
_2librisxl
887 _a{"@id":"rw2qbpdx5f7sntk","modified":"2012-03-01T13:46:49+01:00","checksum":"52993540820"}
_2librisxl
887 _a{"@id":"glsrs3vm1sh4927","modified":"2008-08-19T13:20:49+02:00","checksum":"46092682837"}
_2librisxl
887 _a{"@id":"sx3rcqfz3k9hkv1","modified":"2018-06-05T18:34:43.703+02:00","checksum":"41998404766"}
_2librisxl
887 _a{"@id":"tz4sdrh05rrpd96","modified":"2017-02-15T14:15:24+01:00","checksum":"51030842533"}
_2librisxl
887 _a{"@id":"w16vgtk20h0044s","modified":"2016-07-08T15:14:23+02:00","checksum":"48607270116"}
_2librisxl
887 _a{"@id":"x27whvl328587lg","modified":"2006-06-20T12:14:55+02:00","checksum":"49168890064"}
_2librisxl
887 _a{"@id":"26c1m0q72b91kbr","modified":"2018-06-05T18:34:43.716+02:00","checksum":"53252538472"}
_2librisxl
887 _a{"@id":"37d2n1r85mf9xpj","modified":"2018-06-05T18:34:43.719+02:00","checksum":"46047856783"}
_2librisxl
887 _a{"@id":"48f3p2s93019g08","modified":"2017-12-06T13:40:19+01:00","checksum":"74225082276"}
_2librisxl
887 _a{"@id":"59g4q3tb4s0qg5k","modified":"2018-06-05T18:34:43.724+02:00","checksum":"42415758133"}
_2librisxl
887 _a{"@id":"9fl8v7zg4z3626v","modified":"2018-06-05T18:34:43.73+02:00","checksum":"49539610316"}
_2librisxl
887 _a{"@id":"8dk7t6xf1nrxmp3","modified":"2014-12-09T16:32:20+01:00","checksum":"52577376195"}
_2librisxl
887 _a{"@id":"x27whvm34xgjsht","modified":"2009-12-16T11:29:35+01:00","checksum":"50779643899"}
_2librisxl
887 _a{"@id":"bgm9w80h3p3fdtv","modified":"2018-06-05T18:34:43.732+02:00","checksum":"49308268410"}
_2librisxl
887 _a{"@id":"v05whh715794h85","modified":"2003-07-14T14:16:28+02:00","checksum":"54333275443"}
_2librisxl
887 _a{"@id":"chnbx91j1b0s1xg","modified":"2016-10-17T11:00:19+02:00","checksum":"46456568208"}
_2librisxl
887 _a{"@id":"x288sj635h411bx","modified":"2009-03-03T10:19:42+01:00","checksum":"49489045943"}
_2librisxl
887 _a{"@id":"fkqd0c3l53fgl4z","modified":"2018-06-05T18:34:43.743+02:00","checksum":"53003969837"}
_2librisxl
887 _a{"@id":"glrf1d4m3vv3t9k","modified":"2018-06-05T18:34:43.746+02:00","checksum":"48336682176"}
_2librisxl
887 _a{"@id":"049zkxp51f3gndq","modified":"2018-06-05T18:34:43.772+02:00","checksum":"59857454913"}
_2librisxl
887 _a{"@id":"kpvj4h7q0w9d23j","modified":"2011-12-13T12:27:54+01:00","checksum":"54037778407"}
_2librisxl
887 _a{"@id":"nszm7lbt48btlbp","modified":"2018-06-05T18:34:43.752+02:00","checksum":"50918581431"}
_2librisxl
887 _a{"@id":"pt0n8mcv0qp39gw","modified":"2018-06-05T18:34:43.754+02:00","checksum":"54755774028"}
_2librisxl
887 _a{"@id":"6bjv6xrc4g6xrsq","modified":"2011-12-06T14:06:35+01:00","checksum":"45692837775"}
_2librisxl
887 _a{"@id":"rw2qbpfx4km3qf6","modified":"2018-06-05T18:34:43.757+02:00","checksum":"45667931415"}
_2librisxl
887 _a{"@id":"tz4sdrj01rwnkz7","modified":"2012-03-16T10:38:36+01:00","checksum":"48511391675"}
_2librisxl
887 _a{"@id":"v05tfsk119f39wk","modified":"2018-06-05T18:34:43.766+02:00","checksum":"43750432637"}
_2librisxl
887 _a{"@id":"04914fw55d6k9dt","modified":"2003-11-07T10:44:07+01:00","checksum":"41731797977"}
_2librisxl
887 _a{"@id":"sx3rcqgz41qz5cn","modified":"2018-06-05T18:34:43.759+02:00","checksum":"45462969863"}
_2librisxl
887 _a{"@id":"6jzb6w6q4bnmfnjt","modified":"2020-06-24T17:37:23.365+02:00","checksum":"49366622182"}
_2librisxl
900 1 s _6100
_d1937-2000
_uTunström, Göran,
_d1937-2000
900 1 s _6100
_d1937-2000
_uTunström, Göran,
_d1937-2000
900 1 s _6100
_d1937-2000
_uTunström, Göran,
_d1937-2000
900 1 s _6100
_d1937-2000
_uTunström, Göran,
_d1937-2000
900 1 s _6100
_d1937-2000
_uTunström, Göran,
_d1937-2000
942 _2z
_cBOOK